Introduction to Design Psychology (Record no. 369809)
[ view plain ]
| 000 -LEADER | |
|---|---|
| fixed length control field | 00791nam a2200193 4500 |
| 005 - DATE AND TIME OF LATEST TRANSACTION | |
| control field | 20260116153225.0 |
| 008 - FIXED-LENGTH DATA ELEMENTS--GENERAL INFORMATION | |
| fixed length control field | 260109b |||||||| |||| 00| 0 eng d |
| 020 ## - INTERNATIONAL STANDARD BOOK NUMBER | |
| International Standard Book Number | 9780367258184 |
| 041 ## - LANGUAGE CODE | |
| Language code of text/sound track or separate title | English |
| 082 ## - DEWEY DECIMAL CLASSIFICATION NUMBER | |
| Classification number | 745.4 |
| Item number | KAL |
| 100 ## - MAIN ENTRY--PERSONAL NAME | |
| Author | Kalantidou Eleni |
| 245 ## - TITLE STATEMENT | |
| Title | Introduction to Design Psychology |
| 260 ## - PUBLICATION, DISTRIBUTION, ETC. | |
| Place of publication, distribution, etc. | New York |
| Name of publisher, distributor, etc. | Routledge |
| Date of publication, distribution, etc. | 2025 |
| 300 ## - PHYSICAL DESCRIPTION | |
| Extent | 211 |
| 365 ## - TRADE PRICE | |
| Price amount | 3646.78 |
| Currency code | Rs.00 |
| 520 ## - SUMMARY, ETC. | |
| Summary, etc. | 1. Introduction<br/>2. Setting the Scene for design Psychology: Where from and Where To?<br/>3. Psychology & Design: An opportunity for Change<br/>4. The Design Psychology of Urban Environment<br/>5. The Design Psychology of Technological Dependence<br/>6. The Design Psychology of Waste<br/>7. Intentional Design Psychology : An Introduction <br/> |
| 650 ## - SUBJECT ADDED ENTRY--TOPICAL TERM | |
| Topical term or geographic name entry element | Design |
| 942 ## - ADDED ENTRY ELEMENTS (KOHA) | |
| Koha item type | Books |
| Withdrawn status | Lost status | Source of classification or shelving scheme | Damaged status | Not for loan | Home library | Current library | Date acquired | Vendor | Net Price | Bill number | Total Checkouts | Full call number | Barcode | Date last seen | Discount | Actual Price | Bill Date | Koha item type |
|---|---|---|---|---|---|---|---|---|---|---|---|---|---|---|---|---|---|---|
| Dewey Decimal Classification | School of Fashion Technology | School of Fashion Technology | 05/01/2026 | Design Book Studio | 3257.80 | 289 | 745.4 KAL | SOFT-BK-4820 | 09/01/2026 | 33% | 4862.38 | 12/12/2025 | Books |